Communication for business : a practical approach

Bibliographic Details
Main Author: Taylor, Shirley (Author)
Format: Book
Published: London : Pitman , c1991
Subjects:

MARC

LEADER 00000cam a2200000 7i4500
001 0000002483
005 20031012093000.0
008 021118s1991
020 |a 0273033654 
090 0 0 |a HF5718   |b .T39 1991 
100 0 |a Taylor, Shirley ,   |e author 
245 1 0 |a Communication for business :   |b a practical approach   |c Shirley Taylor 
260 2 |a London :   |b Pitman ,   |c c1991 
300 |a xii, 258 p. ;   |c 23 cm. 
650 0 |a Business communication 
999 |a 1000013517   |b Book   |c OPEN SHELF (30 DAYS)   |e Gong Badak Campus